| 000 | 00885nam a2200241 i 4500 | ||
|---|---|---|---|
| 001 | 55349 | ||
| 003 | ES-MaACL | ||
| 005 | 20250903025806.0 | ||
| 007 | t| | ||
| 008 | 030918s1978 sp ||||1| spa d | ||
| 100 | 1 |
_aDenis-Papin, Maurice _943708 |
|
| 245 | 1 | 0 |
_aEjercicios de cálculo booleano _b: (con sus soluciones) / _cpor Maurice Denis-Papin y Yves Malgrange ; traducido por Francisco Galante Castrillo ; revisado por Miguel Angel Alvarez Espinosa. |
| 250 | _a[1ª ed.]. | ||
| 260 |
_aBilbao : _bUrmo, _c[1978] |
||
| 300 |
_a282 p. : _bil. ; _c24 cm. |
||
| 490 | 1 | _aCurso de Matemáticas Superiores | |
| 700 | 1 |
_aMalgrange, Yves. _975766 |
|
| 700 | 1 |
_aGalante Castrillo, Francisco. _953323 |
|
| 700 | 1 |
_aAlvarez Espinosa, Angel. _920804 |
|
| 830 | 0 | 0 |
_aCurso de matemáticas superiores _9182545 |
| 852 |
_aES-MaACL _jL-112 _bR.100774 |
||
| 999 |
_c55349 _d55349 |
||